Alaska True or False? - Statistics

General Stats
  • This quiz has been taken 190 times
  • The average score is 11 of 15
Answer Stats
Question Answer % Correct
Alaska does not border any other US state True
97%
Alaska's state nickname is "The Last Frontier" True
90%
Alaska has the lowest population density of the states True
90%
The capital of Alaska is Anchorage False
84%
There is no land in Alaska that is in the Arctic Circle False
84%
There is a city in Alaska called "North Pole" True
81%
Alaska has more coastline than the rest of the US True
77%
The lowest temperature recorded in the US was in Alaska True
77%
Alaska was the last state to join the United States False
74%
Due to electricity shortages in Alaska, it is illegal to have lights on past 10:00 PM False
68%
The northernmost, westernmost, and easternmost points in the US are all found in Alaska True
61%
Alaska has the westernmost geographic center of the states False
48%
The 20 highest points in the United States are all found in Alaska False
48%
Alaska is 5 times bigger than Texas in area False
45%
The average high temperature in Fairbanks during January is 30 degrees fahrenheit False
39%
No matching quizzes found
Score Distribution
Percent of People with Each Score
Percentile by Number Answered
Your Score History
You have not taken this quiz